Vplyv fiškálnej decentralizácie na efektívnosť verejných financií. Príklad Slovenskej republiky
Fiškálna decentralizácia a efektívna alokácia fiškálnych zdrojov. Produktivita verejných výdavkov. Diskusia o verejných výdavkoch v modernej teórii verejných výdavkov. Meranie efektívnosti verejných vlád s použitím metódy DEA. Hodnotenie efektívnosti verejných výdavkov na úrovni samosprávnych krajov...
Gespeichert in:
| 1. Verfasser: | |
|---|---|
| Format: | Buchkapitel |
| Sprache: | Slowakisch |
| Schlagworte: | |
| Tags: |
Keine Tags, Fügen Sie das erste Tag hinzu!
|
MARC
| LEADER | 00000nla$a2200000$$$4500 | ||
|---|---|---|---|
| 001 | 0116325 | ||
| 005 | 20240711091356.5 | ||
| 041 | 0 | |a slo | |
| 044 | |a CZ | ||
| 245 | 1 | 0 | |a Vplyv fiškálnej decentralizácie na efektívnosť verejných financií. Príklad Slovenskej republiky |c Jana Péliová |
| 520 | |a Fiškálna decentralizácia a efektívna alokácia fiškálnych zdrojov. Produktivita verejných výdavkov. Diskusia o verejných výdavkoch v modernej teórii verejných výdavkov. Meranie efektívnosti verejných vlád s použitím metódy DEA. Hodnotenie efektívnosti verejných výdavkov na úrovni samosprávnych krajov v Slovenskej republike. Technická efektívnosť regionálnych vlád s využitím metódy DEA. | ||
| 610 | 2 | 0 | |a financie verejné |
| 610 | 2 | 0 | |a decentralizácia |
| 610 | 2 | 0 | |a výdavky verejné |
| 610 | 2 | 0 | |a príjmy |
| 610 | 2 | 0 | |a investície |
| 610 | 2 | 0 | |a efektívnosť |
| 610 | 2 | 0 | |a samospráva regionálna |
| 610 | 2 | 0 | |a kraje |
| 610 | 2 | 0 | |a Slovensko |
| 100 | 1 | |a Péliová, Jana, 1976- | |